000 00346nam a22001337a 4500
003 SSLC
005 20160802094903.0
008 160603b xxu||||| |||| 00| 0 eng d
050 _aQR 63
_b.M252 2009
100 _aMallari, Jose A.
245 _aLaboratory manual in microbiology /
_cJose A. Mallari.
250 _a2nd edition.
942 _2lcc
_cBK
999 _c295590
_d295590